| 000 | 00726nam a22002537a 4500 | ||
|---|---|---|---|
| 003 | OSt | ||
| 005 | 20220107122811.0 | ||
| 008 | 160503b xxu||||| |||| 00| 0 eng d | ||
| 020 | _a9788126554270 | ||
| 040 | _cIIITMK | ||
| 082 |
_29 _a005.43 SIL/O;9 |
||
| 100 |
_aSilberschatz, Abraham _99083 |
||
| 245 |
_aOperating system concepts _cAbraham Silberschatz, Peter B. Galvin, Gerg Gagne |
||
| 250 | _a9 | ||
| 260 |
_aNew Delhi, _bWiley India, _c2014. |
||
| 300 | _axvii, 856p. | ||
| 650 |
_aCOMPUTER SCIENCE _99084 |
||
| 650 |
_aOPERATING SYSTEM _99085 |
||
| 650 |
_aDISTRIBUTED SYSEMS _99086 |
||
| 650 |
_aSYSTEM STRUCTURES _99087 |
||
| 700 |
_a Peter B. Galvin _99088 |
||
| 700 |
_aGerg Gagne _99089 |
||
| 942 |
_2ddc _cBK |
||
| 999 |
_c5100 _d5100 |
||